Interpersonal communication (Record no. 268431)

MARC details
000 -LEADER
fixed length control field 00661nam a2200229Ia 4500
008 - FIXED-LENGTH DATA ELEMENTS--GENERAL INFORMATION
fixed length control field 191130s2003##################000#0#eng##
020 ## - INTERNATIONAL STANDARD BOOK NUMBER
ISBN 9780195170740
082 ## - DEWEY DECIMAL CLASSIFICATION NUMBER
Classification number 153.6 TRE
100 ## - MAIN ENTRY--AUTHOR NAME
Personal name Trenholm, Sarah
245 ## - TITLE STATEMENT
Title Interpersonal communication
Statement of responsibility, etc Sarah Trenholm, Arthur Jensen
250 ## - EDITION STATEMENT
Edition statement 5th ed
260 ## - PUBLICATION, DISTRIBUTION, ETC. (IMPRINT)
Place of publication Oxford
Name of publisher Oxford University Press
Year of publication 2003
300 ## - PHYSICAL DESCRIPTION
Number of Pages xix, 434 p
500 ## - GENERAL NOTE
General note Includes bibliographical references and index
650 ## - SUBJECT ADDED ENTRY--TOPICAL TERM
Topical Term Interpersonal communication
700 ## - ADDED ENTRY--PERSONAL NAME
Personal name Jensen, Arthur
991 ## -
-- 206543
Holdings
Withdrawn status Lost status Damaged status Not for loan Home library Current library Shelving location Date acquired Full call number Accession Number Price effective from Koha item type
        Anna Centenary Library Anna Centenary Library 3RD FLOOR, A WING 13.10.2020 153.6 TRE 109557 13.10.2020 English Books

Find us on the map